| 000 | 00470nab a2200145Ia 4500 | ||
|---|---|---|---|
| 003 | ES-SlBCS | ||
| 005 | 20210601133742.0 | ||
| 008 | 140529s2010 xxu||||| |||| 00| 0 por d | ||
| 041 | _apor | ||
| 100 | 1 |
_aSilva Vilela, Denise _9209234 |
|
| 245 | 0 | 2 |
_aA terapia filosófica de Wittgenstein e a educaçao matemática _c Denise Silva Vilela |
| 600 | 1 | 4 |
_aWittgenstein _9129722 |
| 773 | 0 |
_tEducaçao e Filosofia _gvol. 24, nº. 48, 2010, págs. 435-456 _wRev1534 |
|
| 942 | _cAR | ||
| 999 |
_c601542 _d601542 |
||